000 00426nam a2200157 i 4500
001 60806
003 ES-MaACL
005 20230906164317.0
007 t|
008 031106s1925 ec ||||1| spa d
100 1 _aEstrada Ayala, Aurora.
_948216
245 1 0 _aComo el incienso /
_cAurora Estrada Ayala.
260 _aGuayaquil :
_b[s.n.,
_c1925] (
_fImp. Municipal)
300 _a78 p. ;
_c21 cm.
852 _aES-MaACL
_jF-4293
999 _c60806
_d60806